书目信息 |
| 题名: |
HTML5应用开发与实践
|
|
| 作者: | 彭纳新 , 支援 主编 | |
| 分册: | ||
| 出版信息: | 北京 人民邮电出版社 2014 |
|
| 页数: | 374页 | |
| 开本: | 26cm | |
| 丛书名: | 普通高等学校计算机教育“十二五”规划教材 | |
| 单 册: | ||
| 中图分类: | TP312HT , TP312 | |
| 科图分类: | ||
| 主题词: | 超文本标记语言--Chao Wen Ben Biao Ji Yu Yan--程序设计--高等学校--教材 | |
| 电子资源: | ||
| ISBN: | 978-7-115-35240-8 | |
| 000 | 01788nam 2200313 450 | |
| 001 | 1662166000 | |
| 005 | 20140725084413.2 | |
| 010 | @a978-7-115-35240-8@dCNY56.00 | |
| 010 | @a978-7-89397-081-8@b光盘 | |
| 100 | @a20140725d2014 em y0chiy0120 ea | |
| 101 | 0 | @achi |
| 102 | @aCN@b110000 | |
| 105 | @aak z 000yy | |
| 106 | @ar | |
| 200 | 1 | @aHTML5应用开发与实践@AHTML5 Ying Yong Kai Fa Yu Shi Jian@f彭纳新, 支援主编 |
| 210 | @a北京@c人民邮电出版社@d2014 | |
| 215 | @a374页@c图@d26cm@e光盘1片 | |
| 225 | 2 | @a普通高等学校计算机教育“十二五”规划教材@APu Tong Gao Deng Xue Xiao Ji Suan Ji Jiao Yu “ Shi Er Wu ” Gui Hua Jiao Cai |
| 300 | @a卓越工程师培养计划推荐教材——软件开发类 | |
| 330 | @a本书作为HTML5课程的教材, 首先用较大篇幅详细讲解了HTML5技术, 然后讲解CSS3技术, 之后用一定篇幅介绍JavaScript技术, 最后讲解三者的搭配应用, 并通过大案例综合应用。全书共分18章, 内容包括HTML5概述、HTML5的元素与属性、HTML5表单、文件与拖放、绘制图形、HTML5中的多媒体、HTML5的数据存储、离线Web应用和地理定位、CSS3基础、CSS3字体与文本相关属性、CSS3美化背景与边框、变形与动画相关属性、JavaScript概述、JavaScript语言基础、JavaScript内置对象、JavaScript对象编程与事件处理、HTML5、CSS3与JavaScript综合应用、课程设计--旅游信息网前台。全书每章内容都与实例紧密结合, 有助于学生理解知识、应用知识, 达到学以致用的目的。 | |
| 333 | @a可作为本科计算机专业、软件学院、高职软件专业及相关专业的教材, 同时也适合网站开发爱好者和初、中级的HTML5网页开发人员参考使用 | |
| 410 | 0 | @12001@@@@@a普通高等学校计算机教育“十二五”规划教材 |
| 606 | 0 | @a超文本标记语言@AChao Wen Ben Biao Ji Yu Yan@x程序设计@x高等学校@j教材 |
| 690 | @aTP312HT@v5 | |
| 690 | @aTP312@v4 | |
| 701 | 0 | @a彭纳新@APeng Na Xin@4主编 |
| 701 | 0 | @a支援@AZhi Yuan@4主编 |
| 801 | 0 | @aCN@b江苏新华@c20150511 |
| 905 | @aBZT@dTP312@e161 | |
| HTML5应用开发与实践/彭纳新, 支援主编.-北京:人民邮电出版社,2014 |
| 374页:图;26cm+光盘1片.-(普通高等学校计算机教育“十二五”规划教材) |
| 卓越工程师培养计划推荐教材——软件开发类.-使用对象:可作为本科计算机专业、软件学院、高职软件专业及相关专业的教材, 同时也适合网站开发爱好者和初、中级的HTML5网页开发人员参考使用 |
| ISBN 978-7-115-35240-8:CNY56.00 |
| 本书作为HTML5课程的教材, 首先用较大篇幅详细讲解了HTML5技术, 然后讲解CSS3技术, 之后用一定篇幅介绍JavaScript技术, 最后讲解三者的搭配应用, 并通过大案例综合应用。全书共分18章, 内容包括HTML5概述、HTML5的元素与属性、HTML5表单、文件与拖放、绘制图形、HTML5中的多媒体、HTML5的数据存储、离线Web应用和地理定位、CSS3基础、CSS3字体与文本相关属性、CSS3美化背景与边框、变形与动画相关属性、JavaScript概述、JavaScript语言基础、JavaScript内置对象、JavaScript对象编程与事件处理、HTML5、CSS3与JavaScript综合应用、课程设计--旅游信息网前台。全书每章内容都与实例紧密结合, 有助于学生理解知识、应用知识, 达到学以致用的目的。 |
| ● |
| 相关链接 |
|
|
|
正题名:HTML5应用开发与实践
索取号:TP312/161
 
预约/预借
| 序号 | 登录号 | 条形码 | 馆藏地/架位号 | 状态 | 备注 |
| 1 | 797434 | 2000797434 | 第二书库/ [索取号:TP312/161] | 在馆 | |
| 2 | 797435 | 2000797435 | 第二书库/ [索取号:TP312/161] | 在馆 | |
| 3 | 797436 | 2000797436 | 第二书库/ [索取号:TP312/161] | 在馆 |